000 00783naa a22002537a 4500
001 BR4500137
003 BR-BrBNA
005 20250709164557.0
007 ta
008 250630b bl.|||m| |||| 00| 0 por d
040 _aBR-BrBNA
_bpor
_cBiblioteca Nacional de Agricultura
041 _a(Pt)
072 _aF70
_b2420
090 _aF70 BR4500137
100 1 _aKuhlmann, J.G.
245 1 _aChave dicotona da carnauba e do caranda (Copernicia L. - Palmae)
500 _aBoletim de divulgacao, 1945 Rio de Janeiro, GB (Brasil): 1945. p. 3-5 (BR4500137-AMS)
650 _aCARNAUBA
650 _aCARANDA
650 _aTAXONOMIA VEGETAL
490 _aBoletim de Divulgacao - Instituto de Oleos (Brazil)
_vno. 3
942 _cAMS
_2AGRIS
909 _a202506
_bLúcia
_c55
_dLúcia Elande
999 _c332496
_d332496